000
00292nam a22001337a 4500
008
181008b xxu||||| |||| 00| 0 eng d
020
_a
9780763708382
041
_a
eng
080
_a
616.073
100
_a
6
101
_a
GJEN
245
_a
Essential Genetics
_c
Hartl, D.L
942
_2
udc
_c
BK
999
_c
49079
_d
49079